| 000 | 00507nam a2200193Ia 4500 | ||
|---|---|---|---|
| 005 | 20250425162807.0 | ||
| 008 | 250425s9999 xx 000 0 und d | ||
| 041 | _aeng | ||
| 082 | _a621.38016 | ||
| 110 | _aELECTRONIC DESIGN'S | ||
| 245 | 0 | _aELECTRONIC DESIGN S GOLD BOOK 1981/1982 (VOLUME 2): PRODUCT DATA PAGES | |
| 250 | _a8TH ED. | ||
| 260 |
_aEstados Unidos _bHAYDEN PUBLISHING _c1981 |
||
| 260 | _aPHILADELPHIA | ||
| 300 | _a888 | ||
| 650 | _aELECTRONICA | ||
| 942 | _c01 | ||
| 010 | _a108827 | ||
| 999 |
_c236527 _d236527 |
||